Los temas poéticos de Miguel Hernández
Gespeichert in:
| 1. Verfasser: | |
|---|---|
| Format: | Buch |
| Sprache: | Undetermined |
| Veröffentlicht: |
Madrid, España
Siglo Veintiuno
1978
|
| Schlagworte: | |
| Tags: |
Tag hinzufügen
Keine Tags, Fügen Sie den ersten Tag hinzu!
|
MARC
| LEADER | 00000nam a2200000Ia 4500 | ||
|---|---|---|---|
| 008 | 170316s9999 xx 000 0 und d | ||
| 090 | |a 801 Ch-3t | ||
| 100 | |a Chevalier, Marie | ||
| 245 | |a Los temas poéticos de Miguel Hernández | ||
| 260 | |a Madrid, España | ||
| 260 | |b Siglo Veintiuno | ||
| 260 | |c 1978 | ||
| 300 | |a 454 páginas | ||
| 650 | |a TEORÍA LITERARIA | ||
| 650 | |a LITERATURA ESPAÑOLA - POESÍA | ||
| 650 | |a HERNANDEZ MIGUEL | ||
| 999 | |c 20217 |d 20217 | ||
| 040 | |a cru BVZT | ||
| 942 | |c 15 D |h 801 Ch-3t |2 z | ||
